| 000 | 01526aab a2200241 i 4500 | ||
|---|---|---|---|
| 001 | 768714001 | ||
| 003 | CO-MdFUSB | ||
| 005 | 20230605161546.0 | ||
| 008 | 171122s2013 ck ||||| |||| 00| 0 spa d | ||
| 022 | _a0120-3649 | ||
| 040 |
_aCO-MdFUSB _bspa _cCO-MdFUSB _dCO-MdFUSB |
||
| 041 | _aspa | ||
| 100 | 1 |
_aAcosta, Milton _eautor |
|
| 245 | 1 | 3 |
_aLa Estela de Merneptah y la tasa de desempleo _b: ideología y teología en la historiografía de los orígenes de Israel _c/ Milton Acosta Benitez |
| 300 |
_aVolumen 63. Número 176 (2013), páginas 307-330 _c: 24 cm. |
||
| 520 | 1 | _aUna de las grandes preguntas en los estudios bíblicos durante los últimos tres siglos es en qué sentido son históricos los relatos bíblicos. Incluso los biblistas más conservadores han concluido que el cuadro de los orígenes de Israel es sumamente complejo, que no siempre disponemos de evidencia directa y que la ideología del investigador juega un papel fundamental en la investigación bíblica. Este artículo muestra que, en últimas, no existe consenso ni una última palabra sobre los orígenes de Israel en Canaán. Queda a los lectores elegir el mejor argumento a la luz de la evidencia presentada. | |
| 653 | _aIsrael | ||
| 653 | _aMinimalismo | ||
| 653 | _aMaximalismo | ||
| 773 | 0 |
_tTheologica Xaveriana _049424 _959865 _gVolumen 63. Número 176 (2013), páginas 307-330 _qPágina 307 |
|
| 773 | 0 |
_tTheologica Xaveriana _049424 _981967 _gVolumen 63. Número 176 (2013), páginas 307-330 _qPágina 307 _oR14380 |
|
| 942 | _cANA | ||
| 999 |
_c63568 _d63568 |
||